| 000 | 00581cam a22002411i 4500 | ||
|---|---|---|---|
| 001 | sa 68019064 | ||
| 003 | DLC | ||
| 005 | 20260227112716.0 | ||
| 008 | 830707s1959 io 000 0 ind | ||
| 010 | _asa 68019064 | ||
| 035 | _a(OCoLC)9675850 | ||
| 040 |
_aDLC _cOAU _dDLC |
||
| 042 | _apremarc | ||
| 050 | 0 | 0 |
_aHF5415 _b.T33 1959 |
| 100 | 1 | _aTan, Kiat Djwee. | |
| 245 | 1 | 0 | _aMarketing. |
| 250 | _aEdisi 1. | ||
| 260 |
_a[Djakarta] : _bAcademica, _c[1959?] |
||
| 300 |
_a127 p. ; _c27 cm. |
||
| 500 | _aCover title. | ||
| 500 | _aIn Indonesian. | ||
| 650 | 0 | _aMarketing. | |
| 999 |
_c88800 _d88800 |
||